Nude workshop.
Saved in:
| Hovedforfatter: | |
|---|---|
| Format: | Ukendt |
| Sprog: | engelsk |
| Udgivet: |
New York, USA
The viking press
1982
|
| Serier: | A studio book
|
| Fag: | |
| Tags: |
Tilføj Tag
Ingen Tags, Vær først til at tagge denne postø!
|
MARC
| LEADER | 00000 a2200000 4500 | ||
|---|---|---|---|
| 003 | CL-VaPUC | ||
| 005 | 20210825112905.0 | ||
| 008 | 210715b1982 ||||| |||| 00| 0 eng d | ||
| 999 | |c 433303 |d 433301 | ||
| 020 | |a 0670518247 | ||
| 040 | |c Pontificia Universidad Católica de Valparaíso | ||
| 082 | |a 770.924 CLE 1982 | ||
| 100 | |a Clergue, Lucien |9 862108 | ||
| 245 | |a Nude workshop. | ||
| 260 | |a New York, USA |b The viking press |c 1982 | ||
| 300 | |a 108 páginas; |b foto blanco y negro | ||
| 490 | |a A studio book | ||
| 583 | |k Cristina Rojas |c 20210715 | ||
| 600 | |a Clergue, Lucien |9 862108 | ||
| 650 | |a Desnudos |x Fotografías |9 862300 | ||
| 942 | |2 ddc |c BK | ||
| 952 | |0 0 |1 0 |2 ddc |4 0 |6 770_924000000000000_CLE_1982 |7 0 |8 R |9 578399 |a BIBART |b BIBART |d 2021-07-15 |e 139 |g 0.00 |i 5586127 |l 2 |o 770.924 CLE 1982 |p 5586127 |r 2025-03-13 |s 2022-04-27 |t 1 |v 0.00 |w 2021-07-15 |y BK_R |k ART | ||